Golden Globe Award for Best Actor – Television Series Musical or Comedy - Statistics

General Stats
  • This quiz has been taken 36 times
  • The average score is 15 of 60
Answer Stats
Year Actor % Correct
1993 Jerry Seinfeld
66%
2000 Kelsey Grammer
66%
1995 Kelsey Grammer
66%
1990 Ted Danson
66%
1989 Ted Danson
66%
1982 Alan Alda
44%
1981 Alan Alda
44%
1980 Alan Alda
44%
1979 Alan Alda
44%
1975 Alan Alda
44%
1974 Alan Alda
44%
2009 Alec Baldwin
44%
2008 Alec Baldwin
44%
2006 Alec Baldwin
44%
1985 Bill Cosby
44%
1984 Bill Cosby
44%
2010 Jim Parsons
44%
2001 Charlie Sheen
41%
2011 Matt LeBlanc
38%
2005 Steve Carell
38%
1999 Michael J. Fox
34%
1998 Michael J. Fox
34%
1997 Michael J. Fox
34%
1988 Michael J. Fox
34%
1992 John Goodman
31%
1971 Carroll O'Connor
28%
2016 Donald Glover
25%
1988 Judd Hirsch
25%
1994 Tim Allen
25%
1977 Henry Winkler
22%
1976 Henry Winkler
22%
2014 Jeffrey Tambor
22%
1996 John Lithgow
22%
1983 John Ritter
22%
1961 Bob Newhart
16%
2004 Jason Bateman
16%
1978 Robin Williams
16%
1991 Burt Reynolds
13%
2003 Ricky Gervais
13%
1977 Ron Howard
13%
2007 David Duchovny
9%
1972 Redd Foxx
9%
1988 Richard Mulligan
9%
1986 Bruce Willis
6%
1973 Jack Klugman
6%
2002 Tony Shalhoub
6%
1966 Dean Martin
3%
2012 Don Cheadle
3%
2013 Andy Samberg
0%
1968 Carl Betz
0%
1987 Dabney Coleman
0%
1969 Dan Dailey
0%
1965 David Janssen
0%
1970 Flip Wilson
0%
2015 Gael García Bernal
0%
1964 Gene Barry
0%
1961 John Charles Daly
0%
1967 Martin Landau
0%
1963 Mickey Rooney
0%
1962 Richard Chamberlain
0%
No matching quizzes found
Score Distribution
Percent of People with Each Score
Percentile by Number Answered
Your Score History
You have not taken this quiz